Stavebná mechanika. Díl druhý, Plnostěnný nosník prostý za obtížení pohyblivého a jeho čára ohybová, Theorie spojitého nosníku stálého průřezu, Staticky určité soustavy prutové za obtížení pohyblivého a jejich přetvoření /

Main Author: Bažant, Zdeněk, 1879-1954
Corporate Author: Česká matice technická
Language: Czech
Published: Praha : Česká matice technická, 1919
Series: Česká matice technická (Česká matice technická)
Physical Description: 304 stran, [4] složené listy obrazových příloh : il. ; 26 cm
Book
Saved in:
LEADER 01909nam a22004092i 4500
001 000334957
003 CZ BrMZK
005 20151112102236.0
007 ta
008 010907s1919 xr f cze d
015 |a cnb002537655 
040 |a ABA001  |b cze  |d BOA001  |e rda 
072 7 |a 624  |x Stavební inženýrství  |2 Konspekt  |9 19 
072 7 |a 37.016  |x Učební osnovy. Vyučovací předměty. Učebnice  |2 Konspekt  |9 22 
080 9 |a 624.04  |2 MRF 
080 9 |a (075.8)  |2 MRF 
100 1 |a Bažant, Zdeněk,  |d 1879-1954  |7 jk01011256  |4 aut 
245 1 0 |a Stavebná mechanika.  |n Díl druhý,  |p Plnostěnný nosník prostý za obtížení pohyblivého a jeho čára ohybová, Theorie spojitého nosníku stálého průřezu, Staticky určité soustavy prutové za obtížení pohyblivého a jejich přetvoření /  |c napsal Zdeněk Bažant 
246 3 0 |a Plnostěnný nosník prostý za obtížení pohyblivého a jeho čára ohybová 
246 3 0 |a Theorie spojitého nosníku stálého průřezu 
246 3 0 |a Staticky určité soustavy prutové za obtížení pohyblivého a jejich přetvoření 
264 1 |a Praha :  |b Česká matice technická,  |c 1919 
300 |a 304 stran, [4] složené listy obrazových příloh :  |b il. ;  |c 26 cm 
336 |a text  |b txt  |2 rdacontent 
337 |a bez média  |b n  |2 rdamedia 
338 |a svazek  |b nc  |2 rdacarrier 
490 1 |a Česká matice technická ;  |v ročník 24, spisů číslo 95 
504 |a Obsahuje bibliografii a bibliografické odkazy 
650 0 7 |a stavební mechanika  |7 ph126076  |2 czenas 
655 7 |a učebnice vysokých škol  |7 fd133772  |2 czenas 
710 2 |a Česká matice technická  |7 xx0005422 
830 0 |a Česká matice technická (Česká matice technická)  |0 s 
910 |a BOA001  |b 3-0056.339,95 
990 |a BK 
993 |a Y 
991 |b 201510 
996 6 |b 2619840883  |c 3-0056.339,95  |l MZK  |r Sklad / do 1 hodiny  |n 1  |w 000334957  |u 000010  |a 1  |e BOA001  |j MZK50  |s P